000 00744nam a2200217 4500
003 OSt
005 20260423012004.0
006 a
008 240725b |||||||| |||| 00| 0 eng d
020 _a9781402211232
040 _aDWCL-Main lib.
_cOC
082 _aCirc. 618.928 D337s 2008
100 _aDalaney, Tara
245 _aThe sensory processing disorder answer book: practical answers to the top 250 questions parents ask /
260 _aNaperville, Ill.:
_bSourcebooks, Inc.,
_cc2008.
300 _aviii,
_b230 p. ;
_c21 cm.
504 _aIncludes bibliographical references & index.
650 _a1. Sensory integration dysfunction in children.
650 _a2. Sensory integration dysfunction.
942 _2ddc
_n0
_cBK-CIRC
_kCirc.
999 _c2729
_d2729